[Event "SVK-ch U14"]
[Site "Stara Lubovna"]
[Date "2014.04.11"]
[Round "8"]
[White "Petura, Samuel"]
[Black "Berta, Martin"]
[Result "1-0"]
[WhiteElo "1350"]
[BlackElo "1000"]
[PlyCount "77"]
[EventDate "2014.04.05"]
[EventType "swiss"]
[EventRounds "9"]
[EventCountry "SVK"]
[SourceTitle "EXT 2016"]
[Source "ChessBase"]
[SourceDate "2015.10.08"]
[SourceVersion "1"]
[SourceVersionDate "2015.10.08"]
[SourceQuality "1"]

1. d4 d5 2. c4 e6 3. e3 Nc6 4. Nf3 Nf6 5. c5 Be7 6. Bb5 Bd7 7. 0-0 a6 8. Ba4 b6 9. cxb6 cxb6 10. Qc2 Rc8 11. Nc3 0-0 12. a3 Na7 13. Bxd7 Qxd7 14. Qd3 b5 15. e4 dxe4 16. Nxe4 Ng4 17. h3 Nh6 18. Bxh6 Qd5 19. Bg5 Rfe8 20. Bxe7 Rxe7 21. Neg5 g6 22. Rfc1 Rd8 23. Rc5 Qb7 24. Rac1 f5 25. Ne5 Rf8 26. Nc6 Rc7 27. Nxe6 Rfc8 28. Nxc7 Rxc7 29. Qb3+ Kg7 30. Nxa7 Rxc5 31. Rxc5 Qxa7 32. Qd5 Qxc5 33. dxc5 Kf8 34. c6 Ke7 35. c7 Ke8 36. c8R+ Ke7 37. Rc6 Ke8 38. Rc7 Kf8 39. Qd8# 1-0

[Event "SVK-ch U14"]
[Site "Stara Lubovna"]
[Date "2014.04.07"]
[Round "4"]
[White "Polak, Marcel"]
[Black "Berta, Martin"]
[Result "0-1"]
[WhiteElo "1096"]
[BlackElo "1000"]
[PlyCount "46"]
[EventDate "2014.04.05"]
[EventType "swiss"]
[EventRounds "9"]
[EventCountry "SVK"]
[SourceTitle "EXT 2016"]
[Source "ChessBase"]
[SourceDate "2015.10.08"]
[SourceVersion "1"]
[SourceVersionDate "2015.10.08"]
[SourceQuality "1"]

1. e4 e5 2. Nf3 Nc6 3. Bc4 Nf6 4. Ng5 d5 5. exd5 Nd4 6. d6 Qxd6 7. Nxf7 Qc6 8. Nxh8 Qxg2 9. Nc3 Qxh1+ 10. Bf1 Bb4 11. d3 Bxc3+ 12. bxc3 Bg4 13. Qxg4 Nxg4 14. cxd4 Nxh2 15. Ke2 Qxf1+ 16. Ke3 0-0-0 17. Nf7 Rf8 18. Ba3 Qxa1 19. Bxf8 Qxd4+ 20. Ke2 Qf4 21. Bxg7 Qxf7 22. Bxe5 Qe6 23. d4 Ng4 0-1

[Event "SVK-ch U14"]
[Site "Stara Lubovna"]
[Date "2014.04.05"]
[Round "1"]
[White "Berta, Martin"]
[Black "Bango, Dominik"]
[Result "0-1"]
[WhiteElo "1000"]
[BlackElo "1462"]
[PlyCount "64"]
[EventDate "2014.04.05"]
[EventType "swiss"]
[EventRounds "9"]
[EventCountry "SVK"]
[SourceTitle "EXT 2016"]
[Source "ChessBase"]
[SourceDate "2015.10.08"]
[SourceVersion "1"]
[SourceVersionDate "2015.10.08"]
[SourceQuality "1"]

1. e4 e5 2. Nf3 Nc6 3. Bc4 Bc5 4. 0-0 Nf6 5. d3 0-0 6. h3 h6 7. Nc3 d6 8. Nd5 Nxd5 9. Bxd5 Bd7 10. Bd2 Be6 11. Bxe6 fxe6 12. c3 Qe7 13. b4 Bb6 14. b5 Nd8 15. Qb3 c6 16. c4 cxb5 17. cxb5 Nf7 18. Rac1 Rac8 19. Bb4 Qd7 20. a4 a5 21. Ba3 Ng5 22. Nh4 Rxc1 23. Bxc1 Kh7 24. Bxg5 hxg5 25. Nf3 Qe7 26. h4 gxh4 27. Nxh4 Qxh4 28. Qxe6 Bxf2+ 29. Rxf2 Qxf2+ 30. Kh1 Rf6 31. Qxe5 Rh6+ 32. Qh2 Qf1# 0-1

[Event "SVK-ch U14"]
[Site "Lubovna"]
[Date "2013.04.11"]
[Round "7"]
[White "Haris, Darius"]
[Black "Berta, Martin"]
[Result "1-0"]
[WhiteElo "1222"]
[BlackElo "1000"]
[PlyCount "57"]
[EventDate "2013.04.06"]
[EventType "swiss"]
[EventRounds "9"]
[EventCountry "SVK"]
[SourceTitle "CBM 153 Extra"]
[Source "ChessBase"]
[SourceDate "2013.04.22"]
[SourceVersion "1"]
[SourceVersionDate "2013.04.22"]
[SourceQuality "1"]

1. e4 e5 2. Nf3 Nc6 3. Bc4 Nf6 4. Nc3 Bc5 5. d3 0-0 6. Bg5 h6 7. Bh4 d6 8. Nd5 Bg4 9. c3 g5 10. Bg3 Nh5 11. Qe2 f6 12. 0-0-0 Kh8 13. h3 Be6 14. Nd2 Rg8 15. Qxh5 Qf8 16. Qe2 Rc8 17. Qf3 Rg6 18. Nb3 f5 19. exf5 Bxf5 20. Nxc5 dxc5 21. Bh2 Qe8 22. Qxf5 b6 23. Bg3 Re6 24. Nxc7 Rxc7 25. Qxe6 Re7 26. Qf6+ Rg7 27. Bb5 Qg8 28. Kb1 Nd8 29. Bxe5 1-0